000 00772nam a2200241 a 4500
001 000024709
005 20260116105540.0
008 110127s1996 sp r 000 | spa d
020 _a8439548125
040 _aDO-SdBNP
_bspa
_cBNPHU
082 _a158.1
_bB546c
100 1 _aBertomeu, Olga
_950688
245 1 3 _aLa conquista de la felicidad :
_bclaves para disfrutar de la vida /
_cOlga Bertomeu.
260 _a[España] :
_bPlaneta-Agostini,
_c1996.
300 _a238 p. ;
_c20 cm.
490 1 _aBiblioteca de la Salud
504 _aBibliografía : p. 237-238
500 _a"Edición especial para Grupo Correo de Comunicación.
650 0 _aPsicología aplicada
_91579
650 0 _aFelicidad
_95856
830 0 _aBiblioteca de la Salud
_950557
049 _aBNGR
999 _c24202
_d24202